000 00335nam a2200145Ia 4500
999 _c10570
_d10570
003 OSt
005 20220404142145.0
008 220318s9999 xx 000 0 und d
020 _a9789881568090
082 _a721
100 _aTang art
245 0 _a Modern architecture details collection vol.3
260 _aTang art
942 _2ddc